000
00273nam a22001097a 4500
008
240715b |||||||| |||| 00| 0 eng d
100
_a
Sharma, Dwarka Prasad
_9
17043
245
_a
Gandhi Jiwan Rahashya
260
_b
Sharma Dwarka;
_c
-
_a
Sind:
300
_a
128p.
942
_c
BK
999
_c
40391
_d
40391